Physical Chemistry: Principles and Applications in Biological Sciences
| Main Authors: | , , |
|---|---|
| Format: | Section = Libro |
| Language: | Undetermined Spanish |
| Published: |
London
Prentice Hall
1978
|
| Subjects: |
| LEADER | 00590nam a2200217Ia 4500 | ||
|---|---|---|---|
| 008 | 240830s9999 xx 000 0 und d | ||
| 020 | |a 0-13-665901-2 | ||
| 040 | |a CEDOC FIQ-RUSB / 539 T591 | ||
| 041 | |a spa | ||
| 082 | |a 539 T591 | ||
| 100 | 1 | |a Tinoco, Ignacio Jr | |
| 100 | 1 | |b Sauer, Kenneth | |
| 100 | 1 | |c Wang, James C. | |
| 245 | 1 | 0 | |a Physical Chemistry: Principles and Applications in Biological Sciences |
| 260 | |a London |b Prentice Hall |c 1978 | ||
| 300 | |a 624 p.: il. | ||
| 650 | 7 | |a FISICOQUIMICA | |
| 650 | 7 | |b QUÍMICA BIOLÓGICA | |
| 942 | |c BK |2 ddc | ||
| 991 | |a TEXTO | ||
| 999 | |c 13401 | ||